Making sense of numbers: quantitative reasoning for social research (Record no. 1228913)

MARC details
000 -LEADER
fixed length control field 00636nam a2200217Ia 4500
005 - DATE AND TIME OF LATEST TRANSACTION
control field 20241129111109.0
008 - FIXED-LENGTH DATA ELEMENTS--GENERAL INFORMATION
fixed length control field 241129s9999||||xx |||||||||||||| ||und||
020 ## - INTERNATIONAL STANDARD BOOK NUMBER
International Standard Book Number 978-1-0718-5166-1
037 ## - SOURCE OF ACQUISITION
Stock number TB
040 ## - CATALOGING SOURCE
Original cataloging agency CRL
Language of cataloging eng
Transcribing agency CRL
041 ## - LANGUAGE CODE
Language code of text/sound track or separate title eng
Source of code eng
084 ## - COLON CLASSIFICATION NUMBER
Classification number Ʃ:f R2
Assigning agency CRL
100 ## - MAIN ENTRY--PERSONAL NAME
Personal name Miller Jane E. Au.
9 (RLIN) 726292
245 #0 - TITLE STATEMENT
Title Making sense of numbers: quantitative reasoning for social research
Statement of responsibility, etc. Miller Jane E. Au.
260 ## - PUBLICATION, DISTRIBUTION, ETC.
Place of publication, distribution, etc. Los Angeles, USA
Name of publisher, distributor, etc. Sage
Date of publication, distribution, etc. 2022
300 ## - PHYSICAL DESCRIPTION
Extent xxxvi,569p.
365 ## - TRADE PRICE
Price type code USD
Price amount 85
650 ## - SUBJECT ADDED ENTRY--TOPICAL TERM
Topical term or geographic name entry element Social ScienceResearch Method
942 ## - ADDED ENTRY ELEMENTS (KOHA)
Koha item type Textbook
Classification part Ʃ:f R2
Holdings
Withdrawn status Lost status Damaged status Not for loan Home library Current library Date acquired Source of acquisition Cost, normal purchase price Inventory number Total Checkouts Full call number Barcode Date last seen Price effective from Koha item type
        Central Library Central Library 2024-11-29 Govinda Book House 85.00 5720 & 01/03/2023   Ʃ:f R2 CL1679712 2024-11-29 2024-11-29 Textbook
Copyright @ Delhi University Library System